Redox Homeostasis Managers in Plants under Environmental Stresses (Record no. 24458)
[ view plain ]
| 000 -LEADER | |
|---|---|
| fixed length control field | 00652nam a2200133Ia 4500 |
| 008 - FIXED-LENGTH DATA ELEMENTS--GENERAL INFORMATION | |
| fixed length control field | 220620s9999||||xx |||||||||||||| ||und|| |
| 022 ## - INTERNATIONAL STANDARD SERIAL NUMBER | |
| International Standard Serial Number | 16648714 |
| 100 ## - MAIN ENTRY--PERSONAL NAME | |
| Personal name | Naser A. Anjum||Rene Kizek||Adriano Sofo||Margarete Baier||Nafees A. Khan |
| 245 #0 - TITLE STATEMENT | |
| Title | Redox Homeostasis Managers in Plants under Environmental Stresses |
| 546 ## - LANGUAGE NOTE | |
| Language note | English[eng] |
| 650 ## - SUBJECT ADDED ENTRY--TOPICAL TERM | |
| Topical term or geographic name entry element | Redox compounds||Energy metabolism mediators||redox couples||Oxidative Stress||plant life||Electron carriersm||redox homeostasis||Environmental stress |
| 856 ## - ELECTRONIC LOCATION AND ACCESS | |
| Uniform Resource Identifier | <a href="http://journal.frontiersin.org/researchtopic/2715/redox-homeostasis-managers-in-plants-under-environmental-stresses">http://journal.frontiersin.org/researchtopic/2715/redox-homeostasis-managers-in-plants-under-environmental-stresses</a> |
| 942 ## - ADDED ENTRY ELEMENTS (KOHA) | |
| Koha item type | E-Books |
| Withdrawn status | Lost status | Damaged status | Not for loan | Home library | Current library | Date acquired | Total Checkouts | Date last seen | Price effective from | Koha item type |
|---|---|---|---|---|---|---|---|---|---|---|
| Kerala University of Digital Sciences, Innovation and Technology Knowledge Centre | Kerala University of Digital Sciences, Innovation and Technology Knowledge Centre | 20/06/2022 | 20/06/2022 | 20/06/2022 | E-Books |